01394nam a22001937a 45000010005000000030006000050050017000110080041000280200018000690400029000870500011001160820012001271000019001392450116001582600046002743000049003205200810003696500021011796349FISKH20250423111321.0250423b cb ||||| |||| 00| 0 eng d a9789812373113 aFISKHbengcFISKHdFISKH aQA40.5 a510.712 aSeng, Teh Keng aNew Mathematics /cConsultant : Dr. Yeap Ban Har ; Author Teh Keng Seng BSc, Dip Ed ; Loh Cheng Yee BSc, Dip Ed aHill View : bSinglee Publisher, c2007.  a420 pages : bcolor illustrations ; c26 cm  aNew Syllabus Mathematics is specially written for secondary students with the ultimate aim for the GCE O Level examination. Exploration activities to promote applications in inter-disciplinary and real life. Real-life photos at the chapter beginning to provide a thought-provoking introduction. Graded exercises and challenging problem to cater to different learning abilities. Real-life situations to demonstrate the relevance of mathematics to everyday life. Revision exercises to recapitulate previously covered mathematical concepts. Thinking Time to provide opportunities for creative and individual thinking. Awareness of problem-solving strategies is systematically enhanced. Self-assessment to incite active learning and independent thinking Student’s Books, Workbooks and Teacher’s Resources. aMath vTextbook